000 00268nam a2200085Ia 4500
245 0 _aThe blind side of the heart
100 _a Franck, Julia Rearsby, Leicester, 2010 - [c.2009] Large print ed
_979122
942 _cBK
008 210819s9999 xx 000 0 und d
999 _c274947
_d274947